Buddhism of wisdom and faith : Pure land principles and practice

This book is a great - and practical - overview of the tradition as it's practiced in China and Vietnam. The style may be a bit choppy in places - but that doesn't detract from the great value that this book provides both to practitioners and to interested readers.

Gardado en:
Detalles Bibliográficos
Autor Principal: Thích Thiền Tâm
Formato: Libro
Idioma:Undetermined
Publicado: Columbus Ave. International Buddhist Monastic Institute 1991
Những chủ đề:
Các nhãn: Engadir etiqueta
Sen Etiquetas, Sexa o primeiro en etiquetar este rexistro!
Thư viện lưu trữ: Trung tâm Học liệu Trường Đại học Cần Thơ
LEADER 00874nam a2200205Ia 4500
001 CTU_187135
008 210402s9999 xx 000 0 und d
082 |a 294.3 
082 |b Th302 
100 |a Thích Thiền Tâm 
245 0 |a Buddhism of wisdom and faith : 
245 0 |b Pure land principles and practice 
245 0 |c Dharma Master Thích Thiền Tâm 
260 |a Columbus Ave. 
260 |b International Buddhist Monastic Institute 
260 |c 1991 
520 |a This book is a great - and practical - overview of the tradition as it's practiced in China and Vietnam. The style may be a bit choppy in places - but that doesn't detract from the great value that this book provides both to practitioners and to interested readers. 
650 |a Buddhism,Phật giáo 
910 |a Hải 
980 |a Trung tâm Học liệu Trường Đại học Cần Thơ